Intervencionismo de estado y economía en Colombia / (Registro nro. 5524)

Detalles MARC
000 -LEADER
fixed length control field 01136nam a2200277Ia 4500
003 - CONTROL NUMBER IDENTIFIER
control field OSt
005 - DATE AND TIME OF LATEST TRANSACTION
control field 20200624150710.0
008 - FIXED-LENGTH DATA ELEMENTS--GENERAL INFORMATION
fixed length control field 191128s1995 ck ad gr 000 0dspa d
020 ## - INTERNATIONAL STANDARD BOOK NUMBER
International Standard Book Number 9586161668
040 ## - CATALOGING SOURCE
Original cataloging agency CO-JMCR
Transcribing agency CO-JMCR
041 0# - LANGUAGE CODE
Language code of text/sound track or separate title spa
082 04 - DEWEY DECIMAL CLASSIFICATION NUMBER
Classification number 330.126 /
Item number L864i1
Edition number 23
100 1# - MAIN ENTRY--PERSONAL NAME
Personal name Lopez Garavito, Luis Fernando,
Relator term autor
9 (RLIN) 4743
245 10 - TITLE STATEMENT
Title Intervencionismo de estado y economía en Colombia /
Statement of responsibility, etc. Luis Fernando Lopez Garavito
250 ## - EDITION STATEMENT
Edition statement Segunda edición
260 ## - PUBLICATION, DISTRIBUTION, ETC.
Place of publication, distribution, etc. Bogotá :
Name of publisher, distributor, etc. Universidad Externado de Colombia,
Date of publication, distribution, etc. 1995.
300 ## - PHYSICAL DESCRIPTION
Extent 407 páginas :
Other physical details gráficos a blanco y negro ;
Dimensions 24 cm.
500 ## - GENERAL NOTE
General note Incluye datos biográficos del autor en la cubierta .
500 ## - GENERAL NOTE
General note Incluye índice de cuadros y de gráficas.
504 ## - BIBLIOGRAPHY, ETC. NOTE
Bibliography, etc. note Bibliografía: páginas 401-405.
505 ## - FORMATTED CONTENTS NOTE
Formatted contents note Aspectos históricos de la planeación y la política económica -- Aspectos teóricos de la planeación y la política económica en Colombia
650 14 - SUBJECT ADDED ENTRY--TOPICAL TERM
Topical term or geographic name entry element Intervención del estado
Geographic subdivision Colombia
9 (RLIN) 3525
650 24 - SUBJECT ADDED ENTRY--TOPICAL TERM
Topical term or geographic name entry element Planificación económica
Geographic subdivision Colombia
9 (RLIN) 3241
650 24 - SUBJECT ADDED ENTRY--TOPICAL TERM
Topical term or geographic name entry element Política económica
Geographic subdivision Colombia
9 (RLIN) 5634
942 ## - ADDED ENTRY ELEMENTS (KOHA)
Source of classification or shelving scheme Dewey Decimal Classification
Koha item type Books
Existencias
Withdrawn status Lost status Source of classification or shelving scheme Materials specified (bound volume or other part) Damaged status Not for loan Home library Current library Shelving location Date acquired Source of acquisition Cost, normal purchase price Total Checkouts Full call number Barcode Date last seen Copy number Price effective from Koha item type
    Dewey Decimal Classification Donación--15/04/2018--     Biblioteca Pública José María del Castillo y Rada Biblioteca Pública José María del Castillo y Rada General Stacks 11/28/2019 Donación 0.00   330.126 / L864i1 430002028 05/16/2024 Ej.1 11/28/2019 Books